| 000 | 00802nam a2200217Ia 4500 | ||
|---|---|---|---|
| 001 | 11881 | ||
| 003 | GE_BSU | ||
| 008 | 181216s||||||||xx |||||||||||||| ||und|| | ||
| 040 | _cGE_BSU | ||
| 080 | _a55(09) | ||
| 100 | _aჯანელიძე ა. | ||
| 245 | _aნარკვევები გეოლოგიის ისტორიიდან | ||
| 245 | _cრედ: მ.მ. რუბინშტეინი | ||
| 260 | _aთბილისი | ||
| 260 | _bთბილისის სახ.უნ-ტის გამ-ბა. | ||
| 260 | _c1959 | ||
| 300 | _a395გვ.22სმ. | ||
| 300 | _eსახელების საძიებელი გვ.389 | ||
| 653 | _aნარკვევები გეოლოგიის ისტორიიდან | ||
| 942 | _cBK | ||
| 999 |
_c45058 _d45058 |
||